| Tag |
First Indicator |
Second Indicator |
Subfields |
| LEADER |
00000cam a22000008a 4500 |
| 001 |
in00000079697 |
| 005 |
20151008053953.0 |
| 008 |
810401s1981 cau b 00110 eng |
| 010 |
|
|
|a 81005293
|
| 020 |
|
|
|a 087156288X :
|c $16.95 (est.)
|
| 035 |
|
|
|a (OCoLC)07462409
|
| 035 |
|
|
|9 AAH9229AM
|
| 039 |
0 |
|
|a 2
|b 3
|c 3
|d 3
|e 3
|
| 040 |
|
|
|a DLC
|c DLC
|d TXA
|d UtOrBLW
|
| 049 |
|
|
|a TXAM
|c [932633]
|
| 050 |
0 |
0 |
|a QB44.2
|b .G765
|
| 082 |
0 |
|
|a 520
|2 19
|
| 100 |
1 |
|
|a Grossinger, Richard,
|d 1944-
|
| 245 |
1 |
4 |
|a The night sky /
|c Richard Grossinger.
|
| 263 |
|
|
|a 8110
|
| 264 |
|
1 |
|a San Francisco :
|b Sierra Club Books,
|c [1981]
|
| 264 |
|
4 |
|c ©1981
|
| 300 |
|
|
|a xxv, 481 pages ;
|c 24 cm.
|
| 336 |
|
|
|a text
|b txt
|2 rdacontent
|
| 337 |
|
|
|a unmediated
|b n
|2 rdamedia
|
| 338 |
|
|
|a volume
|b nc
|2 rdacarrier
|
| 500 |
|
|
|a Includes index.
|
| 504 |
|
|
|a Bibliography: pages 449-460.
|
| 650 |
|
0 |
|a Astronomy
|v Popular works.
|
| 999 |
|
|
|a MARS
|
| 999 |
f |
f |
|s ff609062-87fa-3240-a7dc-d9a603bf5696
|i e503ad24-12f5-3c9c-92b8-d4da7bc444e5
|t 0
|
| 952 |
f |
f |
|p ric
|a Texas A&M University
|b Rellis Campus
|c Joint Library Facility
|d Remote Storage
|t 0
|e QB44.2 .G765
|h Library of Congress classification
|i unmediated -- volume
|m A14806206342
|
| 998 |
f |
f |
|a QB44.2 .G765
|t 0
|l Remote Storage
|